000 00451nam a2200181Ia 4500
003 IN-BaIIA
008 211028s9999 xx 000 0 eng d
040 _cIIA Library
080 _a530.1
_bTEX
245 0 _aTextbook of physics
_cedited by R Kronig
250 _a1st ed.
260 _aLondon
_bPergamon Press
_c1954
300 _axiii, 855p.
650 _aNASA thesaurus
650 _aPhysics
_973
700 _aKronig, R., ed.
_92843
942 _cBK
999 _c1382
_d1382